|
|
|
|
| LEADER |
01640nam a2200385 i 4500 |
| 001 |
34439 |
| 003 |
BD-DhAAL |
| 005 |
20211213163012.0 |
| 008 |
190328t2018 flua b 001 0 eng |
| 999 |
|
|
|c 40575
|d 40575
|
| 010 |
|
|
|a 2017032134
|
| 020 |
|
|
|a 9781498744997 (hardback : acidfree paper)
|
| 040 |
|
|
|a DLC
|b eng
|e rda
|c DLC
|d DLC
|d BD-DhAAL
|
| 042 |
|
|
|a pcc
|
| 050 |
0 |
0 |
|a TL221.15
|b .C75 2018
|
| 082 |
0 |
0 |
|a 629.2293
|2 23
|
| 100 |
1 |
|
|a Crisostomi, Emanuele,
|d 1980-
|e author.
|9 30804
|
| 245 |
1 |
0 |
|a Electric and plug-in hybrid vehicle networks :
|b optimization and control /
|c Emanuele Crisostomi [ et..al ],
|
| 260 |
|
|
|a Boca Raton, FL :
|b Taylor & Francis, CRC Press,
|c c2018
|
| 300 |
|
|
|a xvii, 242 pages :
|b illustrations ;
|c 24 cm.
|
| 490 |
0 |
|
|a Automation and control engineering series
|
| 500 |
|
|
|a CRC Press, Taylor & Francis Group, CRC Press is an imprint of the Taylor & Francis Group, an informa business.
|
| 504 |
|
|
|a Includes bibliographical references (pages 215-233) and index.
|
| 526 |
|
|
|a EEE
|
| 541 |
|
|
|a Parama Publishers
|e 34439
|
| 650 |
|
0 |
|a Hybrid electric vehicles
|x Design and construction.
|9 30805
|
| 650 |
|
0 |
|a Electric vehicles
|x Batteries.
|9 30806
|
| 650 |
|
0 |
|a Structural optimization.
|9 30807
|
| 650 |
|
0 |
|a Electrical engineering
|9 42643
|
| 700 |
|
|
|a Shorten, Robert
|9 30808
|
| 700 |
|
|
|a Stüdli, Sonja
|9 30809
|
| 700 |
|
|
|a Wirth, Fabian
|9 30810
|
| 852 |
|
|
|a Ayesha Abed Library
|c General Stacks
|
| 942 |
|
|
|2 ddc
|c BK
|
| 952 |
|
|
|0 0
|1 0
|2 ddc
|4 0
|6 629_229300000000000_CRI
|7 0
|9 65197
|a BRACUL
|b BRACUL
|c GEN
|d 2019-02-26
|e Parama Publishers
|g 7100.00
|l 0
|o 629.2293 CRI
|p 3010034439
|r 2019-02-26
|t 1
|v 7100.00
|w 2019-02-26
|y BK
|